000 01070nam a2200253Ia 4500
003 OSt
005 20241221094615.0
007 ca aa aaaaa
008 201103s9999 xx 000 0 und d
040 _cSSBUL
041 _abur
082 _a၂၉၄.၃၃၆၈
_bဆန်
100 _a ဆန္ဒာဓိက၊ အရှင်၊ ရွှေပါရမီတောရ
245 1 0 _aအကြင်နာပေါင်းရှစ်သောင်းလေးထောင် /
_cအရှင်ဆန္ဒာဓိက ။
250 _aဒုတိယအကြိမ် ။
260 _aရန်ကုန် ၊
_bရွှေပါရမီဓမ္မစာပေပြန့်ပွားရေး ၊
_c၂၀၀၈ ။
300 _a၂၅၂ စာမျက်နှာ ၊
_bပုံများ ၊
_c၁၈ စင်တီ ။
440 _aရွှေပါမီစာစဉ်(၄၀)
_954929
500 _aS-SAT: Dr. Sai Aung Tun
650 _aတရားတေ်
_934569
942 _cBK
_2ddc
942 _2ddc
942 _2ddc
999 _c16655
_d16655